Daň z obratu v socialistickej ekonomike kandidátska dizertačná práca

Enregistré dans:
Détails bibliographiques
Auteur principal: Zacharová, Elena
Collectivité auteur: Vysoká škola ekonomická v Bratislave. Národohospodárska fakulta
Autres auteurs: Lipták, Juraj
Format: Livre
Langue:slovaque
Publié: Bratislava 1979
Tags: Ajouter un tag
Pas de tags, Soyez le premier à ajouter un tag!

MARC

LEADER 00000nam a2200000 4500
001 c035021
005 20230116095001.0
041 0 |a slo 
044 |a SK 
245 1 0 |a Daň z obratu v socialistickej ekonomike  |b kandidátska dizertačná práca  |c Elena Zacharová ; ved. práce Juraj Lipták 
264 1 |a Bratislava  |c 1979 
300 |a 190 s. 
100 1 |a Zacharová, Elena 
700 1 |a Lipták, Juraj 
710 2 |a Vysoká škola ekonomická v Bratislave. Národohospodárska fakulta